000 00726nam a2200241Ia 4500
003 OSt
005 20220924130314.0
006 a|||||r|||| 00| 0
007 ta
008 220923b |||||||| |||| 00| 0 per d
024 _a325264
037 _cTextual
040 _aARTS
_cARTS
_bper
041 _2per
_aper
082 _aDelta45.K, 164K6
100 _aTasbihi Muhammad Hussain Au.
_9199854
245 0 _aTarikh-i-tabarestan-o-ruyan-o-Mazanderan
_b Mir Sayyed Zahiruddin-i-Marashi
260 _aTehran
_bShargh book shop Iran
_c1966
300 _a391p.
_ccm.
650 _aSPIRurdALISM
942 _hDelta45.K, 164K6
_cTEXL
_2CC
999 _c424454
_d424454